Municipalities of Puerto Rico Map Quiz - Statistics

General Stats
  • This quiz has been taken 491 times
  • The average score is 25 of 78
Answers on the Map
Answers color-coded by a green-red scale on the quiz's map according to % correct below.
 
Answer Stats
Answer % Correct
Canavanas
55%
Carolina
54%
Aguadilla
51%
Naguabo
51%
Cataao
49%
Aaasco
46%
Coamo
46%
Arecibo
45%
Rincan
43%
Adjuntas
42%
Cabo Rojo
42%
Caguas
42%
Guayanilla
42%
Aguada
40%
Bayaman
40%
Camuy
40%
Mayagaez
40%
San German
40%
Yauco
40%
Aguas Buenas
39%
Arroyo
39%
Barceloneta
39%
Cayey
39%
Utuado
39%
Culebra
37%
Humacao
37%
Manata
37%
Toa Baja
37%
Trujillo Alto
37%
Loaza
36%
Rao Grande
36%
Barranquitas
34%
Ponce
34%
San Juan
34%
Ciales
33%
Juncos
33%
Santa Isabel
33%
Vega Alta
31%
Aibonito
30%
Corozal
30%
Isabela
30%
Vieques
30%
Comerao
28%
Dorado
28%
Guanica
28%
Hormigueros
28%
Lajas
28%
Cidra
27%
Fajardo
27%
Florida
27%
Gurabo
27%
Luquillo
27%
Hatillo
25%
Las Maraas
25%
Moca
25%
San Sebastian
25%
Juana Daaz
24%
Patillas
24%
Guaynabo
22%
Jayuya
22%
Maunabo
22%
Salinas
22%
San Lorenzo
22%
Toa Alta
22%
Vega Baja
22%
Ceiba
21%
Guayama
21%
Naranjito
21%
Orocovis
21%
Yabucoa
21%
Las Piedras
19%
Morovis
19%
Peauelas
19%
Lares
18%
Villalba
18%
Maricao
16%
Quebradillas
16%
Sabana Grande
15%
No matching quizzes found
Score Distribution
Percent of People with Each Score
Percentile by Number Answered
Your Score History
You have not taken this quiz